000 00925nam a22002777a 4500
003 PE SENCICO BE
005 20251020182711.0
008 250127b |||||||| |||| 00| 0 eng d
020 _a978-3-89955-233-1
040 _aPE SENCICO BE
_cPE SENCICO BE
041 _aeng
082 _a721
_bK59
100 1 _92879
_aKlanten, Robert
_eeditor
245 1 _aSpace craft :
_bmore fleeting architecture and hideouts /
_cEditado por Robert Klanten, Lukas Feireiss
250 _a[1 ed. ]
260 _aBerlin :
_bGestalten ;
_c2009
300 _a278 páginas :
_bilustraciones a color, láminas ;
_c30 cm.
650 1 0 _918
_aDiseño arquitectónico
650 2 0 _91468
_aViviendas pequeñas
650 2 0 _9844
_aViviendas ecológicas
650 2 0 _9328
_aViviendas de estructuras de madera
650 2 0 _9191
_aArquitectura moderna
700 1 _92880
_aFeireiss, Lukas
_eeditor
910 _ahfp
_bhfp
_chfp
942 _2ddc
_cLIB
999 _c5077
_d5077